000 00839nas a2200277 4500
001 BR0808489
003 BR-BrBNA
005 20231205112852.0
007 ta
008 230509b bl.|||p| |||| 00| 00por d
040 _aBR-BrBNA
_bpor
_cBiblioteca Nacional de Agricultura
041 _a(Pt)
072 _aP07
100 1 _aCardoso Sobrinho, J.
100 1 _aDechechi, E.C.
100 1 _aMachado, D.B.
100 1 _aOliveira, T.M. da S.
245 1 _aUso de gás natural como fonte de energia no aquecimento do ar visando ao conforto térmico em aviário
650 _aAVE
650 _aAVIÁRIO
650 _aTEMPERATURA
650 _aGÁS NATURAL
773 0 _tRevista Acadêmica (Brazil)
_xISSN 0103-989X
_g(Jul-Sep 2003), v. 1(3) p. 25-32
_wBR0808489
909 _a202311
_bLúcia
_c55
_dLúcia Elande
942 _2AGRIS
_n0
_cANA
999 _c200487
_d200487